El perro de los Baskerville / (Registro nro. 5362)

Detalles MARC
000 -CABECERA
Longitud fija campo de control 00990nam a2200301 a 4500
003 - • IDENTIFICADOR DELl NÚMERO DE CONTROL
Identificador del número de control CO-ViMGA
008 - • CÓDIGOS DE INFORMACIÓN DE LONGITUD FIJA
Códigos de información de longitud fija 141112s2004 ck r 000 u spa d
020 ## - • NÚMERO INTERNACIONAL NORMALIZADO PARA LIBROS
Número Internacional Normalizado para Libros (ISBN) 9789588787411
040 ## - FUENTE DE LA CATALOGACIÓN
Centro catalogador de origen CO-ViMGA
Lengua de catalogación spa
Centro transcriptor CO-ViMGA
041 ## - • CÓDIGO DE LENGUA
Código de lengua del texto/banda sonora o título independiente SPA
100 1# - • PUNTO DE ACCESO PRINCIPAL-NOMBRE DE PERSONA
Nombre de persona Edginton, Ian
245 10 - • TITULO PROPIAMENTE DICHO
Título El perro de los Baskerville /
Mención de responsabilidad, etc. adaptación Ian Edginton ; ilustraciones I.N.J. Culbard ; traducción Sergio Colomino
250 ## - • MENCIÓN DE EDICIÓN
Mención de edición 1a ed.
300 ## - • DESCRIPCIÓN FÍSICA
Extensión 136 p. : il. col.
490 ## - • MENCIÓN DE SERIE
Mención de serie Sherlock Holmes
500 ## - • NOTA GENERAL
Nota general Título original : The hound of the Baskervilles. Adaptación de la novela original de Sir Arthur Conan Doyle
650 14 - • PUNTO DE ACCESO ADICIONAL DE MATERIA - TÉRMINO DE MATERIA
Término de materia o nombre geográfico como elemento inicial ADAPTACIONES LITERARIAS
650 14 - • PUNTO DE ACCESO ADICIONAL DE MATERIA - TÉRMINO DE MATERIA
Término de materia o nombre geográfico como elemento inicial COMICS
650 14 - • PUNTO DE ACCESO ADICIONAL DE MATERIA - TÉRMINO DE MATERIA
Término de materia o nombre geográfico como elemento inicial DETECTIVES - NOVELA GRAFICA
650 14 - • PUNTO DE ACCESO ADICIONAL DE MATERIA - TÉRMINO DE MATERIA
Término de materia o nombre geográfico como elemento inicial HOLMES, SHERLOCK (PERSONAJE FICTICIO) - NOVELA GRAFICA
650 14 - • PUNTO DE ACCESO ADICIONAL DE MATERIA - TÉRMINO DE MATERIA
Término de materia o nombre geográfico como elemento inicial NOVELA POLICIACA
700 1# - • PUNTO DE ACCESO ADICIONAL - NOMBRE DE PERSONA
Nombre de persona Colomino, Sergio
700 1# - • PUNTO DE ACCESO ADICIONAL - NOMBRE DE PERSONA
Nombre de persona Culbard, I.N.J.
942 ## - ENTRADA DE ELEMENTOS AGREGADOS (KOHA)
Fuente de clasificaión o esquema Dewey Decimal Classification
Koha [por defecto] tipo de item LIbro
Existencias
Perdido Fuente de clasificación o esquema Estado Físico No para préstamo Forma de adquisición Localización permanente Localización actual Localización en estanterías Fecha adquisición Préstamos totales Signatura completa Código de barras Fecha última consulta Número de copia Fecha del precio de reemplazo Tipo de item de Koha Número de registro Fecha último préstamo Serie de enumeración / cronolog&íacute;a Note pública
  Dewey Decimal Classification     Colección General Biblioteca Pública Dorado Biblioteca Pública Dorado Literatura 03/02/2023   H EDG1 DOR02200 03/02/2023 Ej.1 03/02/2023 Libro Literatura        
  Dewey Decimal Classification     Colección General Biblioteca Pública José Eustasio Rivera - San Martin Biblioteca Pública José Eustasio Rivera - San Martin Literatura 07/10/2023   H EDG1 SM0002013 07/10/2023 Ej.1 07/10/2023 Libro Literatura        
  Dewey Decimal Classification     Sala General Biblioteca Comunitaria - Villavicencio Biblioteca Comunitaria - Villavicencio   12/04/2015   H EDG1 010608 12/04/2015 Ej. 1 12/04/2015 LIbro     10/jul/2014  
  Dewey Decimal Classification     Sala General Biblioteca Comunitaria - Villavicencio Biblioteca Comunitaria - Villavicencio   12/04/2015   H EDG1 27089 12/04/2015 Ej. 2 12/04/2015 LIbro     29/ago/2014  
  Dewey Decimal Classification     Colección General Biblioteca Pública Acacias - Carlos María Hernández Rojas Biblioteca Pública Acacias - Carlos María Hernández Rojas Literatura 05/19/2023     H EDG1 05/19/2023 Ej.1 05/19/2023 Libro Literatura H EDG1      
  Dewey Decimal Classification     Colección General Biblioteca Pública Acacias - Carlos María Hernández Rojas Biblioteca Pública Acacias - Carlos María Hernández Rojas Literatura 07/14/2023 1 HEDG1 ACA09211 09/23/2025 Ej.1 07/14/2023 Libro Literatura   09/16/2025    
  Dewey Decimal Classification     Colección General Biblioteca Pública Barranca de Upia - María Dolores Herrera Biblioteca Pública Barranca de Upia - María Dolores Herrera Literatura 10/04/2023   H EDG1 BUP00926 10/04/2023 Ej.1 10/04/2023 LIbro        
        Sala General Biblioteca Pública Departamental Eduardo Carranza - Villavicencio Biblioteca Pública Departamental Eduardo Carranza - Villavicencio General 12/10/2014   H EDG1 ECA23413 11/25/2024 Ej.1 11/25/2024 LIbro       17471 | 22409
  Dewey Decimal Classification     Colección General Biblioteca Pública Guamal Biblioteca Pública Guamal Literatura 02/06/2023   H EDG1 GUA000701 02/06/2023 Ej.1 02/06/2023 Libro Literatura        
  Dewey Decimal Classification     Colección General Biblioteca Pública La Macarena Biblioteca Pública La Macarena Literatura 01/12/2024   H EDG1 LM00674 01/12/2024 Ej.1 01/12/2024 LIbro        
  Dewey Decimal Classification     Colección General Biblioteca Pública Mapiripan Biblioteca Pública Mapiripan Literatura 01/16/2024   H EDG1 MAP00002583 01/16/2024 Ej.1 01/16/2024 LIbro        
  Dewey Decimal Classification       Biblioteca Pública Mesetas - Franco lodo Poloxi Biblioteca Pública Mesetas - Franco lodo Poloxi Literatura 10/24/2024   H EDG1 ME000545 10/24/2024 Ej.1 10/24/2024 LIbro 9789588787411      
  Clasificación Local Facetada     Literatura General Biblioteca Pública San Juanito - Ernesto Maria Peña Romero Biblioteca Pública San Juanito - Ernesto Maria Peña Romero Literatura 03/10/2026   H EDG1 SJU02896 03/10/2026 Ej.1 03/10/2026 Libro Literatura        
  Dewey Decimal Classification     Colección General Biblioteca Pública Uribe - Reinerio Arenas Biblioteca Pública Uribe - Reinerio Arenas Literatura 02/05/2025   H EDG1 URI02421 02/05/2025 Ej.1 02/05/2025 Libro Literatura        









Instituto Departamental de Cultura del Meta - Red Departamental de Bibliotecas Públicas del Meta.